000 00698nam a22002177a 4500
003 UA-OsUOA
001 53780
007 ta
008 20151118b un ||||| |||| 00| 0 ukr d
090 _a050
_bА57
942 _cMG
040 _aUA-OsUOA
_bukr
_cUA-OsUOA
_dUA-OsUOA
245 _aАльманах Українського народного союзу 2007
955 _a4
041 _aukr
080 _a050
260 _aПарсиппані
310 _a2007: річник 97-й
650 7 _a050 Серійні публікації. Періодика галузі, Організація та інші типи поєднання (співробітництва)
_2UDC
999 _c433907
_d433907